000 01264nam1a22002771 4500
001 rc\3970756
005 20260607073533.0
035 _a(NLR Aleph) 007931452
090 _a8221183
_c8221183
100 _a20130415d1955 u y0rusy50 ca
101 0 _arus
102 _aRU
105 _a z |||a|
200 1 _aСтихотворения
_f[Подготовка текста и примеч. В.А. Катаняна
_gВступ. статья А. Тарасенкова, с. 5-66. Т.] 1-3
210 _aЛенинград
_cСов. писатель. [Ленингр. отд-ние]
_d1955
215 _a3 т.
_d13
225 1 _aБиблиотека поэта
_eОснована М. Горьким
_iМалая серия
_eИзд. 3-е
700 1 _8rus
_7ca
_aМаяковский
_bВ. В.
_f1893-1930
_gВладимир Владимирович
_3RU\NLR\AUTH\775761
_9115720
702 1 _4080
_7ca
_8rus
_aТарасенков
_bА. К.
_f1909-1956
_gАнатолий Кузьмич
_9234532
_3RU\NLR\AUTH\770234588
702 1 _aКатанян
_bВ. А.
_f1902-1980
_gВасилий Абгарович
_3RU\NLR\AUTH\770274329
_4212
801 0 _aRU
_bNLR
_gpsbo
801 1 _aRU
_bELAR
_2rusmarc
852 _aNLR
_jЛ30 Г-1/1969
942 _cBOOK
980 _aNB